[Event "2BLO 2324 SC Garching - Nickelhütte Aue"]
[Site "?"]
[Date "2024.03.17"]
[Round "10.3"]
[White "Slobodjan, Roman"]
[Black "Hess, Max"]
[Result "1/2-1/2"]
[WhiteElo "2453"]
[BlackElo "2392"]
[PlyCount "86"]
[EventDate "2024.??.??"]

1. e4 c6 2. d4 d5 3. Nd2 dxe4 4. Nxe4 Nf6 5. Ng3 h5 6. h4 c5 7. Nf3 Nc6 8. Be3 Ng4 9. d5 Nxe3 10. fxe3 Qc7 11. Ne4 Bf5 12. Neg5 Qg3+ 13. Ke2 Ne5 14. Qe1 Qxe1+ 15. Kxe1 Nxf3+ 16. gxf3 Bd7 17. Bh3 Rd8 18. e4 Rh6 19. f4 Rb6 20. Kd2 Rxb2 21. Rhb1 Rxb1 22. Rxb1 Bxh3 23. Nxh3 b6 24. f5 e6 25. fxe6 fxe6 26. c4 g6 27. Ke2 Bh6 28. Rg1 Kf7 29. Rf1+ Ke7 30. Rf3 b5 31. cxb5 exd5 32. Ra3 Rd7 33. exd5 Kd6 34. Ra6+ Kxd5 35. Rxg6 Re7+ 36. Kd1 Be3 37. Ng5 c4 38. Rh6 c3 39. Rxh5 Kc4 40. Nf3 Kd3 41. Ne1+ Kc4 42. Nf3 Kd3 43. Ne1+ Kc4 1/2-1/2

[Event "2BLO 2324 SC Garching - Nickelhütte Aue"]
[Site "?"]
[Date "2024.03.17"]
[Round "10.4"]
[White "Koepke, Christian"]
[Black "Pulpan, Jakub"]
[Result "1/2-1/2"]
[WhiteElo "2305"]
[BlackElo "2384"]
[PlyCount "98"]
[EventDate "2024.??.??"]

1. e4 e5 2. Nf3 Nc6 3. d4 exd4 4. Nxd4 Bc5 5. Nb3 Bb6 6. Nc3 d6 7. Bf4 Nf6 8. Qd2 Be6 9. O-O-O a6 10. f3 Qd7 11. Be3 Bxe3 12. Qxe3 O-O-O 13. Nd5 Kb8 14. Nxf6 gxf6 15. Qc3 Ne5 16. f4 Ng4 17. Qd4 c5 18. Qd2 Qa4 19. h3 Qxa2 20. hxg4 c4 21. Bxc4 Bxc4 22. Qb4 Rc8 23. Rh3 Rhg8 24. Rc3 Bxb3 25. Rxb3 Rc7 26. Ra3 Qc4 27. Qxc4 Rxc4 28. Rxd6 Rxg4 29. g3 Rg6 30. Re3 Rh6 31. b3 Rc5 32. Kb2 Rc6 33. Rd7 Rc7 34. Red3 Rh2 35. Rd8+ Rc8 36. Rxc8+ Kxc8 37. Rd6 Rh6 38. Kc3 Rg6 39. Rd3 Kc7 40. Kd2 Rh6 41. Ke3 Rh2 42. Rc3+ Kd7 43. Kf3 h5 44. Rc5 b6 45. Rc4 a5 46. Rd4+ Ke7 47. Rc4 Kd7 48. Rd4+ Ke7 49. Rc4 Kd7 1/2-1/2

[Event "2BLO 2324 SC Garching - Nickelhütte Aue"]
[Site "?"]
[Date "2024.03.17"]
[Round "10.5"]
[White "Langrock, Hannes"]
[Black "Rusche, Johannes"]
[Result "1-0"]
[WhiteElo "2364"]
[BlackElo "2318"]
[PlyCount "75"]
[EventDate "2024.??.??"]

1. d4 Nf6 2. Nf3 d5 3. c4 e6 4. g3 Be7 5. Bg2 O-O 6. Nc3 dxc4 7. Ne5 Nc6 8. Bxc6 bxc6 9. Nxc6 Qd7 10. Nxe7+ Qxe7 11. Qa4 c5 12. dxc5 Qxc5 13. Be3 Qc7 14. f3 Bd7 15. Qa3 Bc6 16. O-O-O Rfc8 17. Bf4 Qb6 18. Rd2 a5 19. Rhd1 Qb4 20. Bd6 Qb7 21. e4 Nd7 22. g4 f5 23. gxf5 exf5 24. Bg3 fxe4 25. fxe4 Re8 26. Qd6 Nf6 27. Be5 Nxe4 28. Nxe4 Bxe4 29. Bc3 Rac8 30. Rg1 Bg6 31. Qd7 Re7 32. Qd4 Qb5 33. Qg4 Rce8 34. h4 a4 35. h5 Bxh5 36. Qxg7+ Rxg7 37. Rxg7+ Kh8 38. Rg5+ 1-0

[Event "2BLO 2324 SC Garching - Nickelhütte Aue"]
[Site "?"]
[Date "2024.03.17"]
[Round "10.6"]
[White "Werner, Denis"]
[Black "Spiess, Gunter"]
[Result "1/2-1/2"]
[WhiteElo "2320"]
[BlackElo "2340"]
[PlyCount "70"]
[EventDate "2024.??.??"]

1. e4 e6 2. Nf3 d5 3. Nc3 d4 4. Ne2 c5 5. c3 Nf6 6. e5 Nfd7 7. cxd4 cxd4 8. Nexd4 Nxe5 9. Bb5+ Nec6 10. Nc2 Bd7 11. O-O Nb4 12. Bc4 Nxc2 13. Qxc2 Be7 14. d4 Bc6 15. Rd1 O-O 16. Ne5 Bd5 17. a3 Bxc4 18. Nxc4 Nc6 19. Qe4 Qd5 20. Qxd5 exd5 21. Ne5 Rfc8 22. Nxc6 Rxc6 23. Bd2 Bf6 24. Bc3 Re8 25. Re1 Ree6 26. Kf1 Kf8 27. Rxe6 Rxe6 28. Re1 Ke7 29. Rxe6+ Kxe6 30. Ke2 h5 31. a4 a6 32. h3 g6 33. g4 hxg4 34. hxg4 Bg7 35. Ke3 Bf8 1/2-1/2

[Event "2BLO 2324 SC Garching - Nickelhütte Aue"]
[Site "?"]
[Date "2024.03.17"]
[Round "10.8"]
[White "Schimpf, Markus"]
[Black "Eichner, Sebastian"]
[Result "1/2-1/2"]
[WhiteElo "2262"]
[BlackElo "2305"]
[PlyCount "28"]
[EventDate "2024.??.??"]

1. d4 d5 2. c4 c6 3. Nf3 Nf6 4. e3 Bf5 5. cxd5 cxd5 6. Qb3 Qc7 7. Bb5+ Nc6 8. O-O e6 9. Bd2 Bd6 10. Bb4 O-O 11. Bxc6 bxc6 12. Nbd2 a5 13. Bxd6 Qxd6 14. Qc3 a4 1/2-1/2

[Event "2BLO 2324 SC Bavaria Regensburg 1881 - S"]
[Site "?"]
[Date "2024.03.17"]
[Round "10.2"]
[White "Schneider, Jana"]
[Black "Bogosavljevic, Boban"]
[Result "0-1"]
[WhiteElo "2303"]
[BlackElo "2478"]
[PlyCount "60"]
[EventDate "2024.??.??"]

1. e4 c5 2. Nf3 Nc6 3. Bb5 g6 4. O-O Bg7 5. Re1 e5 6. Bxc6 dxc6 7. d3 Qe7 8. Nbd2 Nf6 9. Nc4 Nh5 10. a4 O-O 11. a5 h6 12. Bd2 Nf4 13. Rb1 Bg4 14. Ne3 Be6 15. b4 b5 16. bxc5 Rad8 17. g3 Nh3+ 18. Kg2 Kh7 19. Ng1 Nxg1 20. Rxg1 f5 21. exf5 gxf5 22. Kh1 f4 23. Ng2 Bd5 24. Qe1 Qd7 25. Rb4 Qh3 26. gxf4 Rf5 27. fxe5 Bxe5 28. Bf4 Rg8 29. Bg3 Rxg3 30. fxg3 Rh5 0-1

[Event "2BLO 2324 SC Bavaria Regensburg 1881 - S"]
[Site "?"]
[Date "2024.03.17"]
[Round "10.3"]
[White "Sedlak, Nikola"]
[Black "Kilgus, Georg"]
[Result "1-0"]
[WhiteElo "2427"]
[BlackElo "2382"]
[PlyCount "125"]
[EventDate "2024.??.??"]

1. e4 c5 2. Nf3 Nc6 3. Bb5 e6 4. O-O Nge7 5. Re1 Ng6 6. c3 a6 7. Bf1 Be7 8. d4 cxd4 9. cxd4 d5 10. Nc3 O-O 11. g3 dxe4 12. Nxe4 Bb4 13. Bd2 Bxd2 14. Qxd2 Qb6 15. Qc3 Rd8 16. Red1 Nge7 17. Qc5 Nd5 18. a3 Nce7 19. Ne5 Bd7 20. Nd6 f6 21. Nec4 Qa7 22. a4 Qxc5 23. dxc5 Rab8 24. a5 e5 25. Nb6 Nxb6 26. axb6 Bc6 27. Bc4+ Kf8 28. Be6 Ng6 29. b4 Ke7 30. Bb3 Rd7 31. Bc2 Nf8 32. Nf5+ Kf7 33. Bb3+ Kg6 34. Rxd7 Bxd7 35. Ne7+ Kh6 36. Bd5 Ne6 37. Nf5+ Kg6 38. Nd6 Nd8 39. Rd1 Bc6 40. Bb3 Bf3 41. Bc2+ Kh5 42. Rd3 Bc6 43. Nf5 g6 44. Ne7 f5 45. Rxd8 Rxd8 46. Nxc6 bxc6 47. Ba4 Kg5 48. Bxc6 Kf6 49. Bb7 Ke7 50. c6 Rd1+ 51. Kg2 Rc1 52. c7 Kd7 53. Bxa6 e4 54. c8=Q+ Rxc8 55. Bxc8+ Kxc8 56. g4 f4 57. g5 Kb7 58. Kh3 Kxb6 59. Kg4 e3 60. fxe3 fxe3 61. Kf3 Kb5 62. Kxe3 Kxb4 63. Kd4 1-0

[Event "2BLO 2324 SC Bavaria Regensburg 1881 - S"]
[Site "?"]
[Date "2024.03.17"]
[Round "10.4"]
[White "Goldbeck, Lars"]
[Black "Stojanovic, Dalibor"]
[Result "1/2-1/2"]
[WhiteElo "2317"]
[BlackElo "2455"]
[PlyCount "46"]
[EventDate "2024.??.??"]

1. d4 Nf6 2. c4 g6 3. Nc3 Bg7 4. e4 d6 5. Be2 O-O 6. Nf3 e5 7. Be3 c6 8. d5 Na6 9. Nd2 Ne8 10. O-O f5 11. f3 f4 12. Bf2 c5 13. a3 h5 14. b4 g5 15. Kh1 Rf7 16. Rg1 Bf6 17. Rb1 Rg7 18. Nb5 g4 19. g3 fxg3 20. Bxg3 Bg5 21. fxg4 hxg4 22. Nf1 Nf6 23. Rb3 Qe7 1/2-1/2

[Event "2BLO 2324 SC Bavaria Regensburg 1881 - S"]
[Site "?"]
[Date "2024.03.17"]
[Round "10.5"]
[White "Popovic, Dusan"]
[Black "Kleibel, Uwe"]
[Result "1/2-1/2"]
[WhiteElo "2499"]
[BlackElo "2297"]
[PlyCount "73"]
[EventDate "2024.??.??"]

1. e4 e5 2. Nc3 Nf6 3. g3 d5 4. exd5 Nxd5 5. Bg2 Nxc3 6. bxc3 Bd6 7. Nf3 O-O 8. O-O Nc6 9. Rb1 Rb8 10. d4 Bf5 11. Be3 b6 12. Ng5 Ne7 13. g4 Bd7 14. dxe5 Bxe5 15. f4 Bd6 16. Qd3 f5 17. Qc4+ Kh8 18. Nf7+ Rxf7 19. Qxf7 fxg4 20. f5 Qe8 21. Qxe8+ Rxe8 22. f6 gxf6 23. Bd4 Be5 24. Bxe5 fxe5 25. Rbe1 Nf5 26. Bc6 Bxc6 27. Rxf5 e4 28. Kf2 Kg7 29. Ke3 Kg6 30. Ref1 Re6 31. Rf8 h5 32. Rg8+ Kh6 33. Rff8 Ba4 34. Kf4 e3 35. Rh8+ Kg7 36. Rhg8+ Kh6 37. Rh8+ 1/2-1/2

[Event "2BLO 2324 SC Bavaria Regensburg 1881 - S"]
[Site "?"]
[Date "2024.03.17"]
[Round "10.6"]
[White "Oberhofer, Cedric"]
[Black "Petrov, Martin"]
[Result "0-1"]
[WhiteElo "2253"]
[BlackElo "2518"]
[PlyCount "96"]
[EventDate "2024.??.??"]

1. e4 c5 2. c3 Nf6 3. e5 Nd5 4. Nf3 Nc6 5. Bc4 Nb6 6. Bb3 d5 7. exd6 c4 8. Bc2 e5 9. d3 cxd3 10. Qxd3 Qxd6 11. O-O Qxd3 12. Bxd3 Bg4 13. Nbd2 O-O-O 14. Be4 f6 15. a4 Nd5 16. Nc4 Be6 17. Ne3 Nf4 18. a5 a6 19. g3 Ne2+ 20. Kg2 g5 21. Re1 Nxc1 22. Rexc1 Bc5 23. Nf1 g4 24. Nh4 Ne7 25. b4 Ba7 26. b5 f5 27. b6 Bb8 28. Bb1 Rhf8 29. c4 Nc6 30. Ne3 e4 31. Ra4 Rd2 32. Rd1 Rxd1 33. Nxd1 Bd6 34. Ne3 Bc5 35. Nd5 Rd8 36. Ba2 Nd4 37. Bb1 Nf3 38. h3 Nxh4+ 39. gxh4 gxh3+ 40. Kxh3 Bxf2 41. Nf4 Bf7 42. Ra2 Bc5 43. Re2 Rd1 44. Ba2 Rf1 45. Nd5 Bh5 46. Rg2 Bg4+ 47. Kg3 Rf3+ 48. Kh2 Rh3# 0-1

[Event "2BLO 2324 SC Bavaria Regensburg 1881 - S"]
[Site "?"]
[Date "2024.03.17"]
[Round "10.7"]
[White "Miljkovic, Miroslav D"]
[Black "Ganaus, Hannes"]
[Result "1/2-1/2"]
[WhiteElo "2432"]
[BlackElo "2197"]
[PlyCount "85"]
[EventDate "2024.??.??"]

1. e4 e6 2. d4 d5 3. exd5 exd5 4. Bd3 Nc6 5. Nf3 Bd6 6. O-O Bg4 7. Re1+ Nge7 8. c3 Qd7 9. Nbd2 O-O 10. h3 Bf5 11. Nf1 Rae8 12. Bxf5 Nxf5 13. Ne3 Nxe3 14. Rxe3 Ne7 15. Qd3 Nf5 16. Rxe8 Rxe8 17. Bd2 h5 18. Re1 Rxe1+ 19. Bxe1 c6 20. Bd2 f6 21. Kf1 h4 22. Ne1 Qe6 23. Qf3 g5 24. Qe2 Qxe2+ 25. Kxe2 Kf7 26. Nd3 b6 27. f4 Kg6 28. Kf3 Nh6 29. Nf2 Kf5 30. fxg5 fxg5 31. Nd1 b5 32. Ne3+ Kg6 33. Ng4 Nxg4 34. Kxg4 Be7 35. b3 Bf6 36. a4 a6 37. Be3 Be7 38. Bc1 Bf6 39. Ba3 Bd8 40. Bb4 Bf6 41. Ba5 Be7 42. Bc7 Bf6 43. Bd6 1/2-1/2

[Event "2BLO 2324 SC Bavaria Regensburg 1881 - S"]
[Site "?"]
[Date "2024.03.17"]
[Round "10.8"]
[White "Uphoff, Lennart"]
[Black "Krstic, Petar"]
[Result "1/2-1/2"]
[WhiteElo "2182"]
[BlackElo "2283"]
[PlyCount "119"]
[EventDate "2024.??.??"]

1. d4 d5 2. c4 c6 3. Nf3 Nf6 4. Nc3 dxc4 5. a4 Bf5 6. Ne5 e6 7. f3 c5 8. e4 Bg6 9. Bxc4 cxd4 10. Bb5+ Nfd7 11. Qxd4 a6 12. Bxd7+ Nxd7 13. Qxd7+ Qxd7 14. Nxd7 Kxd7 15. Ke2 Bd6 16. Rd1 Ke7 17. h3 h5 18. Be3 Rac8 19. Rd2 Rhd8 20. Bb6 Bc7 21. Rxd8 Bxd8 22. Bxd8+ Kxd8 23. Rd1+ Ke7 24. Rd4 f6 25. h4 Be8 26. f4 Bc6 27. g3 Rg8 28. b4 g5 29. fxg5 fxg5 30. hxg5 Rxg5 31. Kf3 a5 32. bxa5 Rxa5 33. g4 Rc5 34. Rd3 h4 35. Kf4 Kf6 36. e5+ Rxe5 37. Rh3 Rc5 38. g5+ Kg6 39. Re3 Rc4+ 40. Ke5 Kxg5 41. Kxe6 Kg4 42. Nd1 Rxa4 43. Nf2+ Kf4 44. Rb3 Rd4 45. Nh3+ Kg4 46. Nf2+ Kh5 47. Rc3 Rf4 48. Rc5+ Kg6 49. Nd3 Rf6+ 50. Ke7 h3 51. Ne5+ Kg7 52. Rc3 Rh6 53. Rg3+ Kh7 54. Nf7 Bd5 55. Nxh6 h2 56. Rh3 h1=Q 57. Rxh1 Bxh1 58. Nf5 b5 59. Nd4 b4 60. Kd6 1/2-1/2

[Event "2BLO 2324 FC Bayern München II - Münch"]
[Site "?"]
[Date "2024.03.17"]
[Round "10.1"]
[White "Saric, Ivan"]
[Black "Girel, Joseph"]
[Result "1-0"]
[WhiteElo "2670"]
[BlackElo "2486"]
[PlyCount "49"]
[EventDate "2024.??.??"]

1. Nf3 d5 2. g3 g6 3. Bg2 Bg7 4. d4 Nf6 5. O-O O-O 6. c4 dxc4 7. Na3 c5 8. dxc5 c3 9. Nb5 Qxd1 10. Rxd1 cxb2 11. Bxb2 Na6 12. Rac1 Bd7 13. Bxf6 Bxb5 14. Bxg7 Kxg7 15. Nd4 Ba4 16. Bxb7 Bxd1 17. Bxa6 Ba4 18. c6 Rfd8 19. Bb7 Rac8 20. Bxc8 Rxc8 21. Rc4 e5 22. Rxa4 exd4 23. Rc4 Rc7 24. Kf1 Kf6 25. Ke1 1-0

[Event "2BLO 2324 FC Bayern München II - Münch"]
[Site "?"]
[Date "2024.03.17"]
[Round "10.2"]
[White "Fedorovsky, Michael"]
[Black "Indjic, Aleksandar"]
[Result "0-1"]
[WhiteElo "2419"]
[BlackElo "2595"]
[PlyCount "72"]
[EventDate "2024.??.??"]

1. d4 Nf6 2. c4 e6 3. Nf3 a6 4. Nc3 d5 5. cxd5 exd5 6. Qb3 Be7 7. Bg5 c6 8. e3 O-O 9. Bd3 Nbd7 10. O-O Re8 11. Rad1 Nh5 12. Bxe7 Rxe7 13. Rfe1 Ndf6 14. h3 g6 15. Bb1 Be6 16. Ng5 Ng7 17. e4 dxe4 18. Nxe6 Nxe6 19. d5 cxd5 20. Nxd5 Nxd5 21. Rxd5 Qf8 22. Bxe4 Rae8 23. Re3 Nf4 24. Rd4 Qh6 25. Bf3 Rxe3 26. fxe3 Rxe3 27. Qxb7 Nxh3+ 28. gxh3 Re1+ 29. Kh2 Qe3 30. Rg4 h5 31. Rg3 h4 32. Qb8+ Kg7 33. Rg2 Qxf3 34. Qd6 Qe4 35. Qc7 Qb1 36. Rxg6+ Kxg6 0-1

[Event "2BLO 2324 FC Bayern München II - Münch"]
[Site "?"]
[Date "2024.03.17"]
[Round "10.3"]
[White "Ter-Sahakyan, Samvel"]
[Black "Zajogin, Alexander"]
[Result "1-0"]
[WhiteElo "2646"]
[BlackElo "2362"]
[PlyCount "69"]
[EventDate "2024.??.??"]

1. d4 Nf6 2. c4 e6 3. Nf3 Bb4+ 4. Nbd2 a5 5. a3 Be7 6. e4 d5 7. e5 Nfd7 8. Bd3 c5 9. O-O Nc6 10. cxd5 exd5 11. Re1 Qb6 12. Nf1 cxd4 13. Bc2 O-O 14. Ng3 g6 15. Bh6 Rd8 16. e6 fxe6 17. Rxe6 Nf8 18. Re1 Qxb2 19. Ng5 Bf6 20. Bb3 d3 21. Rb1 Qd4 22. N3e4 Bg7 23. Nf3 Bg4 24. Bg5 Rd7 25. h3 Bxf3 26. Qxf3 Ne5 27. Nf6+ Bxf6 28. Qxf6 Re8 29. Be3 Qe4 30. Bf4 Qf5 31. Qxf5 gxf5 32. Rxe5 Rxe5 33. Bxe5 Ne6 34. f3 Kf7 35. Ba4 1-0

[Event "2BLO 2324 FC Bayern München II - Münch"]
[Site "?"]
[Date "2024.03.17"]
[Round "10.4"]
[White "Ankerst, Mihael"]
[Black "Martinovic, Sasa"]
[Result "0-1"]
[WhiteElo "2365"]
[BlackElo "2558"]
[PlyCount "154"]
[EventDate "2024.??.??"]

1. e4 c5 2. Nf3 d6 3. Bc4 Nf6 4. d3 Nc6 5. c3 g6 6. O-O Bg7 7. Re1 O-O 8. e5 Nxe5 9. Nxe5 dxe5 10. Rxe5 Ng4 11. Re2 Ne5 12. Bb5 a6 13. Bf4 Qd6 14. Bc4 Nf3+ 15. gxf3 Qxf4 16. Nd2 b5 17. Bb3 Bh3 18. Kh1 c4 19. Bc2 cxd3 20. Bxd3 Rad8 21. Re3 Qg5 22. Qg1 Qxg1+ 23. Kxg1 Bh6 24. f4 Bc8 25. Nb3 Bxf4 26. Re4 e5 27. Bf1 Rd6 28. a4 Bf5 29. Rb4 bxa4 30. Na5 Rfd8 31. Rbxa4 Rd1 32. Nc6 Rxa1 33. Rxa1 Rd7 34. Bxa6 Be4 35. Bb5 Rd6 36. Na5 g5 37. Bf1 Rh6 38. h3 g4 39. Re1 f5 40. Bg2 Bxg2 41. Kxg2 Rxh3 42. Nc6 Rh2+ 43. Kg1 g3 44. fxg3 Bxg3 45. Rf1 Rxb2 46. Rxf5 Bh2+ 47. Kf1 e4 48. Rf6 Bg3 49. Nd4 Rb1+ 50. Kg2 Be1 51. Re6 Bxc3 52. Ne2 Bg7 53. Rxe4 h6 54. Ng3 Rb5 55. Kf3 Kh7 56. Re6 Kg8 57. Kg4 Kf7 58. Ra6 Rg5+ 59. Kh4 Be5 60. Ra7+ Ke6 61. Ra6+ Kd5 62. Nh5 Bd6 63. Ra5+ Bc5 64. Nf6+ Ke6 65. Ra6+ Kf5 66. Ng4 Rxg4+ 67. Kh5 Rg1 68. Kxh6 Bd4 69. Kh7 Rg7+ 70. Kh6 Rg8 71. Kh5 Bf6 72. Ra5+ Be5 73. Ra6 Rg7 74. Kh6 Rg3 75. Kh7 Rg7+ 76. Kh6 Rc7 77. Rb6 Bf4+ 0-1

[Event "2BLO 2324 FC Bayern München II - Münch"]
[Site "?"]
[Date "2024.03.17"]
[Round "10.5"]
[White "Costa, Leonardo"]
[Black "Rodewis, Thomas"]
[Result "1-0"]
[WhiteElo "2479"]
[BlackElo "2364"]
[PlyCount "61"]
[EventDate "2024.??.??"]

1. e4 c5 2. Nf3 Nf6 3. e5 Nd5 4. Nc3 e6 5. Ne4 f5 6. Nc3 Nb4 7. Nb5 a6 8. Nd6+ Bxd6 9. exd6 Qb6 10. a3 Nd5 11. d4 Qxd6 12. dxc5 Qxc5 13. c4 Nf6 14. b4 Qc7 15. Bb2 b6 16. Be2 Nc6 17. O-O Bb7 18. Qd3 O-O 19. Rfd1 Rad8 20. b5 axb5 21. cxb5 Ne7 22. Be5 Qc8 23. Rac1 Qa8 24. Bd6 Nfd5 25. Qd4 Rfe8 26. Ne5 Nc8 27. Bc7 d6 28. Bxd8 dxe5 29. Qxe5 Rxd8 30. Rc7 Nce7 31. Rxd5 1-0

[Event "2BLO 2324 FC Bayern München II - Münch"]
[Site "?"]
[Date "2024.03.17"]
[Round "10.6"]
[White "Belezky, Alexander"]
[Black "Watson, William N"]
[Result "0-1"]
[WhiteElo "2280"]
[BlackElo "2471"]
[PlyCount "80"]
[EventDate "2024.??.??"]

1. Nf3 Nf6 2. g3 g6 3. b3 Bg7 4. Bb2 O-O 5. Bg2 c5 6. c4 d6 7. O-O e5 8. d3 Nc6 9. Nc3 h6 10. Ne1 Be6 11. Nd5 Nh5 12. Nc2 Qd7 13. e3 Bh3 14. Bxh3 Qxh3 15. g4 Nf6 16. Nxf6+ Bxf6 17. f4 Bh8 18. f5 e4 19. Bxh8 exd3 20. Bf6 dxc2 21. Qxc2 Qxg4+ 22. Kh1 Nb4 23. Qb1 Rae8 24. Rf4 Qe2 25. fxg6 Nd3 26. gxf7+ Kxf7 27. Bh4+ Ke6 28. Re4+ Kd7 29. Rxe8 Nf2+ 30. Bxf2 Qf3+ 31. Kg1 Qxf2+ 32. Kh1 Qf3+ 33. Kg1 Rxe8 34. Qh7+ Re7 35. Qxh6 Re4 36. h3 Qg3+ 37. Kf1 Qf3+ 38. Kg1 Qg3+ 39. Kf1 Rxe3 40. Qh7+ Kc6 0-1

[Event "2BLO 2324 SK München Südost - SC Erlan"]
[Site "?"]
[Date "2024.03.17"]
[Round "10.1"]
[White "Mons, Leon"]
[Black "Marcelin, Cyril"]
[Result "1/2-1/2"]
[WhiteElo "2496"]
[BlackElo "2448"]
[PlyCount "70"]
[EventDate "2024.??.??"]

1. d4 d5 2. c4 c6 3. Nf3 Nf6 4. Qc2 g6 5. Bf4 Bf5 6. Qb3 Qb6 7. e3 Na6 8. cxd5 Nxd5 9. Bxa6 Qxa6 10. Be5 f6 11. Bg3 e5 12. Nc3 Nb4 13. O-O-O Nd3+ 14. Rxd3 Bxd3 15. Nxe5 Be7 16. Nxd3 Qxd3 17. Qxb7 Kf7 18. Bd6 Rae8 19. Bxe7 Rxe7 20. Qxc6 Rd8 21. Nd5 Red7 22. Qxf6+ Kg8 23. Qe6+ Kg7 24. Qe5+ Kh6 25. Qf4+ Kg7 26. Qf6+ Kh6 27. Nc3 Rc8 28. Qf4+ Kg7 29. Qe5+ Kh6 30. Qf4+ Kg7 31. Qe5+ Kf7 32. Qa5 Rdc7 33. Qd5+ Kf8 34. Qd6+ Kg7 35. Qe5+ Kh6 1/2-1/2

[Event "2BLO 2324 SK München Südost - SC Erlan"]
[Site "?"]
[Date "2024.03.17"]
[Round "10.1"]
[White "Mons, Leon"]
[Black "Marcelin, Cyril"]
[Result "1/2-1/2"]
[WhiteElo "2496"]
[BlackElo "2448"]
[PlyCount "40"]
[EventDate "2024.??.??"]

1. c4 e6 2. Nf3 d5 3. g3 d4 4. Bg2 Nc6 5. O-O Bc5 6. d3 Nf6 7. Nbd2 O-O 8. Nb3 Be7 9. e3 dxe3 10. Bxe3 Ng4 11. Qe2 Nxe3 12. fxe3 e5 13. d4 Bg4 14. d5 e4 15. dxc6 bxc6 16. Qf2 exf3 17. Bxf3 Bxf3 18. Qxf3 Qd3 19. Nd4 Bg5 20. Nf5 Rae8 1/2-1/2

[Event "2BLO 2324 SK München Südost - SC Erlan"]
[Site "?"]
[Date "2024.03.17"]
[Round "10.2"]
[White "Kosic, Dragan"]
[Black "Miller, Eduard"]
[Result "0-1"]
[WhiteElo "2379"]
[BlackElo "2327"]
[PlyCount "134"]
[EventDate "2024.??.??"]

1. d4 Nf6 2. Nf3 g6 3. c4 Bg7 4. Nc3 O-O 5. e4 d6 6. Be2 e5 7. Be3 exd4 8. Nxd4 Re8 9. f3 c6 10. Qd2 d5 11. exd5 cxd5 12. O-O-O Nc6 13. Rhe1 Bd7 14. Nc2 dxc4 15. Bxc4 Be6 16. Qxd8 Raxd8 17. Rxd8 Rxd8 18. Bxe6 fxe6 19. Bg5 Kf7 20. Ne4 Rd5 21. Bxf6 Bxf6 22. Ne3 Rd4 23. Nxf6 Kxf6 24. Ng4+ Kf5 25. a3 h5 26. Ne3+ Kf6 27. Nc2 Rd7 28. Re4 e5 29. b4 Rd3 30. b5 Na5 31. Re3 Rd5 32. a4 Rc5 33. Kb1 Rc4 34. Ra3 Rh4 35. h3 Kg5 36. Kc1 Kf4 37. Ne1 Kf5 38. Nd3 Rd4 39. g4+ Ke6 40. Nc5+ Kd5 41. Ne4 Kc4 42. Kc2 Kb4 43. Ra1 b6 44. gxh5 gxh5 45. Rb1+ Kxa4 46. Nc3+ Ka3 47. h4 Rc4 48. Rb2 Rc8 49. Rb1 Rd8 50. Rb2 Rd2+ 51. Kxd2 Kxb2 52. Kd3 Nb7 53. Ne4 Kb3 54. Nf6 Nd6 55. Nxh5 Nf5 56. Ke4 Nxh4 57. Kxe5 Nxf3+ 58. Kd5 Kb4 59. Kc6 Nd4+ 60. Kb7 Nxb5 61. Nf4 Kc4 62. Ne2 Nd4 63. Kxa7 b5 64. Nc1 b4 65. Ka6 Ne2 66. Nxe2 b3 67. Ng3 Kd3 0-1

[Event "2BLO 2324 SK München Südost - SC Erlan"]
[Site "?"]
[Date "2024.03.17"]
[Round "10.3"]
[White "Klek, Hanna Marie"]
[Black "Hoefelsauer, Thomas"]
[Result "1-0"]
[WhiteElo "2287"]
[BlackElo "2302"]
[PlyCount "91"]
[EventDate "2024.??.??"]

1. e4 c6 2. d4 d5 3. Nc3 dxe4 4. Nxe4 Bf5 5. Ng3 Bg6 6. h4 h6 7. Nf3 e6 8. Ne5 Bh7 9. Bd3 Bxd3 10. Qxd3 Nd7 11. Qe2 Ngf6 12. Bd2 Qb6 13. O-O-O Be7 14. f4 Qxd4 15. Kb1 Qb6 16. Rhe1 Nxe5 17. fxe5 Nd5 18. c4 Nb4 19. Be3 Qa5 20. a3 Na6 21. Qg4 g6 22. Ne4 Nc5 23. Bxc5 Bxc5 24. h5 g5 25. Qf3 Be7 26. Nf6+ Bxf6 27. Qxf6 Rh7 28. Re3 Rd8 29. Red3 Rxd3 30. Rxd3 Qc7 31. c5 b6 32. cxb6 axb6 33. g4 b5 34. b4 Qb6 35. Kb2 Qc7 36. Rd6 Qb6 37. Kc2 Qc7 38. Kb3 Qb6 39. Kb2 Qc7 40. Ka2 Qb6 41. a4 bxa4 42. b5 Qb8 43. Rxc6 Qd8 44. Rd6 Qc7 45. Ka3 Qa5 46. Qf3 1-0

[Event "2BLO 2324 SK München Südost - SC Erlan"]
[Site "?"]
[Date "2024.03.17"]
[Round "10.4"]
[White "Huber, Benedikt"]
[Black "Schulz, Lukas"]
[Result "1/2-1/2"]
[WhiteElo "2247"]
[BlackElo "2299"]
[PlyCount "77"]
[EventDate "2024.??.??"]

1. e4 c5 2. Nf3 Nc6 3. Bb5 g6 4. O-O Bg7 5. Re1 e5 6. Bxc6 bxc6 7. c3 Ne7 8. d4 cxd4 9. cxd4 exd4 10. Nxd4 O-O 11. Nc3 Bb7 12. Bg5 h6 13. Bh4 Re8 14. Nb3 g5 15. Bg3 d5 16. Nc5 Qb6 17. N3a4 Qb5 18. Re3 Bc8 19. exd5 cxd5 20. Qe1 Be6 21. Nxe6 fxe6 22. Nc3 Qxb2 23. Rb1 Qc2 24. Nb5 Nf5 25. Rxe6 Rxe6 26. Qxe6+ Kh8 27. Re1 Nxg3 28. hxg3 Rf8 29. Nd6 Qxf2+ 30. Kh2 d4 31. Ne8 d3 32. Rd1 Qc2 33. Nxg7 Kxg7 34. Qd7+ Rf7 35. Qd4+ Kh7 36. Qxd3+ Qxd3 37. Rxd3 g4 38. Ra3 h5 39. Ra6 1/2-1/2

[Event "2BLO 2324 SK München Südost - SC Erlan"]
[Site "?"]
[Date "2024.03.17"]
[Round "10.5"]
[White "Ott, Florian"]
[Black "Lohvinov, Petro"]
[Result "0-1"]
[WhiteElo "2293"]
[BlackElo "2211"]
[PlyCount "102"]
[EventDate "2024.??.??"]

1. c4 Nf6 2. Nc3 c5 3. Nf3 d5 4. cxd5 Nxd5 5. e4 Nb4 6. Bc4 Nd3+ 7. Ke2 Nxc1+ 8. Rxc1 Nc6 9. d4 cxd4 10. Nb5 Bg4 11. Bd5 Qb6 12. Qa4 d3+ 13. Kxd3 Rd8 14. Kc2 Bxf3 15. gxf3 g6 16. Kb1 Bg7 17. Rc2 O-O 18. Bxc6 bxc6 19. Na3 Rd3 20. f4 Rfd8 21. Rhc1 R3d4 22. Qxc6 Qxc6 23. Rxc6 Rxe4 24. Rc8 Rxc8 25. Rxc8+ Bf8 26. Nc4 Kg7 27. Ne5 e6 28. Rc7 Rxf4 29. Rxa7 Rxf2 30. a4 Bc5 31. Rb7 Bd4 32. Nc6 e5 33. Nxd4 exd4 34. a5 d3 35. Rd7 d2 36. a6 Rf1+ 37. Kc2 Ra1 38. Kxd2 Rxa6 39. Kc3 Kf6 40. b4 Ke6 41. Rd2 Rd6 42. Rf2 f5 43. Kc4 Rd1 44. b5 Kd6 45. Ra2 Rc1+ 46. Kd4 Rd1+ 47. Kc4 f4 48. Ra7 Ke6 49. Ra3 Rb1 50. Kc5 g5 51. b6 g4 0-1

[Event "2BLO 2324 SK München Südost - SC Erlan"]
[Site "?"]
[Date "2024.03.17"]
[Round "10.6"]
[White "Xiong, Ferdinand"]
[Black "Hilverda, Alexander"]
[Result "1/2-1/2"]
[WhiteElo "2211"]
[BlackElo "2240"]
[PlyCount "102"]
[EventDate "2024.??.??"]

1. e4 c5 2. Nf3 e6 3. d4 cxd4 4. Nxd4 Nc6 5. Nc3 Qc7 6. Be3 a6 7. Qf3 b5 8. Nxc6 Qxc6 9. a3 Bb7 10. Bd3 Nf6 11. Qg3 d6 12. O-O g6 13. f4 Bg7 14. Rae1 O-O 15. f5 exf5 16. exf5 Rfe8 17. Kh1 Re5 18. Bg5 Rxe1 19. Rxe1 Re8 20. Rf1 d5 21. fxg6 fxg6 22. Be2 Ne4 23. Nxe4 dxe4 24. c3 Qc5 25. Be3 Qe7 26. Bg5 Qe6 27. Qc7 Bc6 28. Be3 Be5 29. Qa7 Bd5 30. Qb6 Qxb6 31. Bxb6 Rb8 32. Ba7 Rb7 33. Be3 Bc4 34. Bh6 Bd6 35. Re1 Kf7 36. g3 Bxe2 37. Rxe2 Re7 38. Kg2 Re6 39. Be3 Ke7 40. Rf2 Re5 41. Bd4 Re6 42. Kf1 a5 43. Ke2 h5 44. Ke3 a4 45. Ba7 Kd7 46. Rc2 Bf8 47. c4 Bh6+ 48. Ke2 Rc6 49. Be3 Bg7 50. Rd2+ Rd6 51. Rc2 Rc6 1/2-1/2

[Event "2BLO 2324 SK München Südost - SC Erlan"]
[Site "?"]
[Date "2024.03.17"]
[Round "10.7"]
[White "Willim, Michael"]
[Black "Kostic, Vladimir G"]
[Result "1/2-1/2"]
[WhiteElo "2116"]
[BlackElo "2174"]
[PlyCount "34"]
[EventDate "2024.??.??"]

1. d4 d5 2. c4 e6 3. Nf3 c5 4. cxd5 exd5 5. g3 Nc6 6. Bg2 Nf6 7. O-O Be7 8. dxc5 Bxc5 9. a3 O-O 10. b4 Bb6 11. Nc3 h6 12. Bb2 Be6 13. e3 a6 14. Ne2 Qe7 15. Rc1 Rad8 16. Nfd4 Bd7 17. Nxc6 bxc6 1/2-1/2

[Event "2BLO 2324 SK München Südost - SC Erlan"]
[Site "?"]
[Date "2024.03.17"]
[Round "10.8"]
[White "Stadler, Andreas"]
[Black "Boehme, Sebastian"]
[Result "0-1"]
[WhiteElo "1998"]
[BlackElo "2220"]
[PlyCount "51"]
[EventDate "2024.??.??"]

1. d4 Nf6 2. c4 e6 3. g3 c5 4. d5 exd5 5. cxd5 d6 6. Nc3 g6 7. Bg2 Bg7 8. Nf3 O-O 9. O-O Re8 10. Bg5 a6 11. a4 Nbd7 12. Qd2 Rb8 13. Qf4 Qc7 14. Nd2 Nh5 15. Qh4 h6 16. Be3 Ne5 17. a5 Ng4 18. Nce4 f5 19. h3 Nxe3 20. fxe3 fxe4 21. Bxe4 Rxe4 22. Nxe4 Bf5 23. Nc3 Bf6 24. Qc4 Nxg3 25. Rf3 Bxc3 26. Qxc3 0-1